| 000 | 00000nam 2200000za 4500 |
| 001 | 9.804917 |
| 003 | CaOODSP |
| 005 | 20221107135526 |
| 007 | cr ||||||||||| |
| 008 | 151026q2011 onc #o f000 0 eng d |
| 040 | |aCaOODSP|beng |
| 043 | |an-cn--- |
| 086 | 1 |aR5-83/2011E-PDF |
| 245 | 00|aecoENERGY for Aboriginal and Northern Communities Program 2011-2016 |h[electronic resource] : |bproject development considerations. |
| 260 | |a[Ottawa : |bAboriginal Affairs and Northern Development Canada, |c2011?]. |
| 300 | |a2 p. |
| 500 | |aIssued also in French under title: Programme écoÉNERGIE pour les collectivités autochtones et nordiques 2011-2016 : points à examiner pour la réalisation des projets. |
| 692 | 07|2gccst|aAboriginal programs |
| 692 | 07|2gccst|aRenewable energy |
| 710 | 1 |aCanada. |bAboriginal Affairs and Northern Development Canada. |
| 775 | 08|tProgramme écoÉNERGIE pour les collectivités autochtones et nordiques 2011-2016 |w(CaOODSP)9.804919 |
| 856 | 40|qPDF|s60 KB|uhttps://publications.gc.ca/collections/collection_2015/aadnc-aandc/R5-83-2011-eng.pdf |